000 00664nam a2200217Ia 4500
005 20241129111136.0
008 241129s9999||||xx |||||||||||||| ||und||
020 _a978-0-367-54227-6
037 _aTB
040 _aCRL
_beng
_cCRL
041 _aeng
_2eng
084 _aQ0aG:5 R3
_qCRL
100 _aZakaria Faizah Au.
_9723454
245 0 _aCamphor tree and the elephant: religion and ecological change in maritime southeast asia
_cZakaria Faizah Au.
260 _aNew Delhi, USA
_bUniversity of Wasington Press
_c2023
300 _axv,254p.
365 _aUSD
_b32
650 _aReligion
942 _cTB
_hQ0aG:5 R3
999 _c1229116
_d1229116